00994nam a22002057a 450000500170000001000150001702000240003203500140005603700090007008200080007910000580008724500840014526001440022927001170037330000560049070000530054694200290059999900190062895201410064720250902145619.0 aHIN-130324 c250 a9789391091606 aHN-102670 bDBAD a821 aआनि , सरोज श्योराण984496 aअनुभूतियाँ /cसरोज श्योराण आनि aगुरुग्राम हरियाणाbदि पाईट्र्री सोसाईटी आफ इंडियाc2025 aएच -23/16 , डी एल एफ फेज़-1 aगुरुग्राम हरियाणा 122002  a78 पृ.;c21 सेमी (अजिल्द) aखन्ना एवं वर्मा984491 2ddccHNh821 mआनि c213245d213245 001040708NFICaZLSbZLSd2025-09-02eDBADg250.00l0o821 शवोराpHN-102670r2025-09-02 00:00:00t1 v250.00w2025-09-02yHN